000 01086nam0a2200277 4500
001 RU\NLR\bibl\1308790
005 20260406112654.0
010 _a978-5-465-01824-1
_97000
021 _aRU
_b2008-86396
_95044
035 _a(NLR Aleph) 001294261
090 _a578664
_c578664
100 _a20081217d2008 |||y0rusy50 ca
101 0 _arus
102 _aRU
105 _aa |||||||||
200 1 _aЛюбимые сказки и стихи
_fСергей Михалков
_gхудож. В.И. Полухин
210 _aМосква
_cОмега-пресс
_aРеутов
_cОмега-пресс
_d2008
215 _a301, [2] с.
_cцв. ил.
_d26
225 1 _aОт 3 до 7
700 1 _4070
_7ca
_8rus
_aМихалков
_bС. В.
_cписатель
_f1913-2009
_gСергей Владимирович
_9110194
_3RU\NLR\AUTH\7792
702 1 _4440
_7ca
_8rus
_aПолухин
_bВ. И.
_cхудожник
_f1956-
_gВячеслав Иванович
_936752
_3RU\NLR\auth\7753820
801 0 _aRU
_bNLR
_c20081217
_gRCR
801 1 _aRU
_bNLR
_c20081217
942 _cBOOK
980 _aNB